000 00496nam a2200193Ia 4500
005 20240823050133.0
008 240823s9999||||xx |||||||||||||| ||und||
020 _a81-239-0953-5
041 _aENGLISH
082 _A660.2815 P4
100 _aHougen O A et al.
245 0 _aChemical Process Principles Part -I
250 _a2nd
260 _c2004
_b"CBS Publishers & Distributors,New "
500 _aTRANSFERED
650 _aChemical Process
_bChemistry
942 _cBK
999 _c216560
_d216560